000 00640nam a2200241Ia 4500
003 OSt
005 20220918210623.0
006 a|||||r|||| 00| 0
007 ta
008 220917b |||||||| |||| 00| 0 eng d
024 _a121,167
037 _cTextual
040 _aARTS
_cARTS
_beng
041 _2eng
_aeng
082 _aV79.1f, J1
100 _aWilgus A Curtis
_9118757
245 0 _aLatin America in maps
_b Historic geographic economic
260 _aNA
_bNA
_c1951
490 _aCollege outline series
650 _aHISTORY
942 _hV79.1f, J1
_cTEXL
_2CC
999 _c244396
_d244396